Handbook on the toxicology of metals

Αποθηκεύτηκε σε:
Λεπτομέρειες βιβλιογραφικής εγγραφής
Άλλοι συγγραφείς: Friberg, Lars (Επιμελητής έκδοσης), Nordberg, Gunnar (Επιμελητής έκδοσης), Vouk, Velimir B. (Επιμελητής έκδοσης)
Μορφή: Βιβλίο
Γλώσσα:English
Δημοσίευση: Amsterdam : Elsevier, 1990.
Θέματα:
Ετικέτες: Προσθήκη ετικέτας
Δεν υπάρχουν, Καταχωρήστε ετικέτα πρώτοι!

MARC

LEADER 00000cam a2200000 i 4500
001 1/1373
008 950710s1990 ne | ||| |||| ||eng||
020 |a 04444904425 
020 |a 04444904131 
035 |l 10014415 
040 |a GR-MyUa  |b gre  |e AACR2 
041 0 |a eng 
082 7 |a 615.9253   |2 (22) 
245 0 0 |a Handbook on the toxicology of metals /   |c editors Lars Friberg, Gunnar F. Nordberg, Velimir B. Vouk ; technical and administrative editor: Elisabeth Kessler. 
260 |a Amsterdam :   |b Elsevier,   |c 1990. 
300 |a 2 τ. ;   |c 25 εκ. 
505 8 |a Τ. 1. General aspects -- τ. 2. Specific metals. 
650 0 0 |a Metals  |x Toxicology. 
700 1 |a Friberg, Lars,  |e edt 
700 1 |a Nordberg, Gunnar,  |e edt 
700 1 |a Vouk, Velimir B.  |e edt 
852 |a INST  |b LESVOS  |e 19950710  |h 615.9253 HAN  |p 005100007765  |q 005100007765  |t BK  |y 0  |z v.1 
852 |a INST  |b LESVOS  |e 19950710  |h 615.9253 HAN  |p 005100007766  |q 005100007766  |t BK  |y 0  |z v.2 
852 |a INST  |b LESVOS  |e 19950710  |h 615.9253 HAN  |p 005100007765  |q 005100007765  |t BK  |v τ.1:  |y 0  |z v.1 
852 |a INST  |b LESVOS  |e 19950710  |h 615.9253 HAN  |p 005100007766  |q 005100007766  |t BK  |v τ.2:  |y 0  |z v.2 
853 |a INST  |b LESVOS  |h 615.9253 HAN 
922 |a 1ΕΛΗ  |b 199305  |c ΠΠ/3109